000 00666nam a2200229 a 4500
003 OSt
005 20140310183628.0
008 040130s19uu xx 00 eng d
020 _a971-150-062-0
050 _aLB 1051
_b.B969 1996
100 _aBustos, Alicia S.
245 _aPsychological, Anthropological, and Sociological Foundations of Education :
_cAlicia S. Bustos and Socorro C. Espiritu.
_b(Foundations of Education 1) /
260 _aQuezon City :
_bKatha Pub.,
_c1996.
300 _a99 p. :
_c26 cm.
521 _aEDU
650 _aEducation
942 _cBK
_2lcc
_kLOC
999 _c25555
_d25555